000 00714nam a2200229Ii 4500
003 JO-AjNU
008 230605s9999||||xx |||||||||||||| ||und||
017 _a39459
020 _a9957-16-379-2
040 _aJO-AjNU
_bara
_erda
_cJO-AjNU
041 _aara
050 1 4 _aKMM272.K3692.2010
100 3 _aكنعان، نواف,
_eauthor
_912050
245 0 0 _aالقانون الإداري : الكتاب الأول
250 _aط4
264 3 1 _aعمان : دار الثقافة ، 2010
300 _aالكتاب الاول، 365ص
336 _atext
_btxt
_2rdacontent
337 _aunmediated
_bn
_2rdamedia
338 _avolume
_bnc
_2rdacarrier
650 4 _a قانون اداري -- الأردن
_912051
999 _aA2640
_c6208
_d6208